Creer y saber O la filosofa̕-de-la-reflexin̤ de la subjetividad en la plenitud de sus formas como filosofa̕ de Kant, de Jacobi y de Fichte /

Detalles Bibliográficos
Autor principal: Hegel, G. W. F.
Formato: eBook
Lenguaje:español
Publicado: Bogot:̀ Siglo del Hombre Editores, 2017
Materias:
Acceso en línea:Acceso restringido

MARC

LEADER 00000nam a22000007a 4500
005 2021050308378.0
007 cr|||| ||||
008 210503s2017 co |||||s|||| 00||0 spa d
020 |a 978-958-665-433-3 
035 |a 33226 
040 |a vLex 
090 |c 11589  |d 11589 
100 1 |a Hegel, G. W. F. 
245 1 0 |a Creer y saber  |h [Recurso electrn̤ico] :  |b O la filosofa̕-de-la-reflexin̤ de la subjetividad en la plenitud de sus formas como filosofa̕ de Kant, de Jacobi y de Fichte /  |c G. W. F. Hegel 
256 |a Servicio en ln̕ea 
260 |a Bogot:̀  |b Siglo del Hombre Editores,  |c 2017 
300 |a 1 recurso electrn̤ico 
500 |a En este texto que marca el paso entre las obras de juventud y los escritos de madurez, Hegel pasa revista a tres fils̤ofos de su tiempo con los que llega a su plenitud el pensamiento moderno: Kant, Jacobi y Fichte. Son -filosofa̕s de la reflexin̤-, producto del llamado -giro a la subjetividad- iniciado por Descartes. La discusin̤ gira en torno a la relacin̤ entre creer y saber, conceptos que el criticismo kantiano haba̕ diferenciado claramente. Kant sita︢ lo absoluto en la objetividad, Jacobi en la subjetividad y Fichte en el acto mismo de pensar. Quien busque una va̕ de acceso al pensamiento sistemt̀ico de Hegel, encontrar ̀aqu ̕una ayuda invaluable. Coedicin̤ con la Universidad Catl̤ica. 
506 1 |a Disponible solo en los productos indicados  |d vLex Global  |d vLex Global (Academic Edition, excluding Law Schools)  |d vLex Global (U.S. Academic Edition, Law Schools)  |d vLex Global (U.S. Academic Edition, excluding Law Schools)  |d vLex Global (Academic Edition, Law Schools) 
650 0 4 |a Filosofa̕ y religin̤  |z Colombia 
740 0 |a vLex Libros (Servicio en ln̕ea) 
856 4 0 |u https://vlex.com/source/creer-y-saber-o-la-filosofia-de-la-reflexion-de-la-subjetividad-en-la-plenitud-de-sus-formas-como-filosofia-de-kant-de-jacobi-y-de-fichte-33226  |z Acceso restringido 
942 |c BOOK 
999 0 |a Philosophy and religion